UM Logo

Why so serious? a laboratory and field investigation of the link between morality and humor / (Record no. 20757)

MARC details
000 -LEADER
fixed length control field 01161nam a22002537a 4500
005 - DATE AND TIME OF LATEST TRANSACTION
control field 20251124142955.0
008 - FIXED-LENGTH DATA ELEMENTS--GENERAL INFORMATION
fixed length control field 240821b ||||| |||| 00| 0 eng d
082 ## - DEWEY DECIMAL CLASSIFICATION NUMBER
Classification number DPer 155.205 J826 October-December 2019 v. 117 n. 4-6
100 ## - MAIN ENTRY--PERSONAL NAME
Personal name Yam, Kai Chi.
Relator term author.
9 (RLIN) 58622
245 ## - TITLE STATEMENT
Title Why so serious? a laboratory and field investigation of the link between morality and humor /
Statement of responsibility, etc. Kai Chi Yam, Keith Leavitt, Jenson Lau, Christopher M. Barnes, Wu Wei, and Eric Luis Uhlmann.
260 ## - PUBLICATION, DISTRIBUTION, ETC. (IMPRINT)
Place of publication, distribution, etc. Philadelphia ;
Name of publisher, distributor, etc. American Psychological Association ,
Date of publication, distribution, etc. October 2019.
300 ## - PHYSICAL DESCRIPTION
Extent Volume 119, pages 758-772 :
Other physical details illustration ;
Dimensions 28 cm.
500 ## - GENERAL NOTE
General note Journal of Personality and Social Psychology, vol. 117, no. 4, pages 758-772, October 2019.
650 #0 - SUBJECT ADDED ENTRY--TOPICAL TERM
Topical term or geographic name as entry element Defense mechanisms.
9 (RLIN) 69401
650 #0 - SUBJECT ADDED ENTRY--TOPICAL TERM
Topical term or geographic name as entry element Social behavior.
9 (RLIN) 69402
650 #0 - SUBJECT ADDED ENTRY--TOPICAL TERM
Topical term or geographic name as entry element Wit and humor as topic.
9 (RLIN) 69403
700 ## - ADDED ENTRY--PERSONAL NAME
Personal name Yam, Kai Chi.
Relator term author.
9 (RLIN) 58622
700 ## - ADDED ENTRY--PERSONAL NAME
Personal name Leavitt, Keith.
Relator term author.
9 (RLIN) 58624
700 ## - ADDED ENTRY--PERSONAL NAME
Personal name Lau, Jenson.
Relator term author.
9 (RLIN) 69404
700 ## - ADDED ENTRY--PERSONAL NAME
Personal name Barnes, Christopher M.
Relator term author.
9 (RLIN) 58626
700 ## - ADDED ENTRY--PERSONAL NAME
Personal name Wei, Wu.
Relator term author.
9 (RLIN) 58627
700 ## - ADDED ENTRY--PERSONAL NAME
Personal name Uhlmann, Eric Luis.
Relator term author.
9 (RLIN) 58628
942 ## - ADDED ENTRY ELEMENTS (KOHA)
Source of classification or shelving scheme Dewey Decimal Classification
Koha item type Periodicals
Holdings
Withdrawn status Lost status Source of classification or shelving scheme Damaged status Not for loan Collection code Home library Current library Date acquired Total Checkouts Full call number Date last seen Price effective from Koha item type Public note
    Dewey Decimal Classification     Periodicals UM Digos College - LIC UM Digos College - LIC 08/21/2024   DPer 155.205 J826 October-December 2019 v. 117 n. 4-6 08/21/2024 08/21/2024 Periodicals Periodical Article